| 000 | 00367nam a22001217a 4500 | ||
|---|---|---|---|
| 082 | _a621.381548 GEN'P | ||
| 100 |
_aGENN, R. C _974986 |
||
| 245 | _aHOW TO GET MORE OUT OF LOW COST ELECTRONIC TEST EQUIPMENT | ||
| 260 |
_aNEWYORK _bPARKER _c1979 |
||
| 300 | _a208P | ||
| 650 |
_aELECTRONIC INSTRUMENTS ELECTRONIC APPARATUS AND APPLICATION TESTING _974987 |
||
| 942 | _cBK | ||
| 999 |
_c580486 _d580486 |
||